| 000 | 00936nam a2200229Ia 4500 | ||
|---|---|---|---|
| 003 | OSt | ||
| 005 | 20240528121556.0 | ||
| 008 | 210719s1996 xx 000 0 und d | ||
| 040 | _cAL | ||
| 041 | _aKonkani | ||
| 082 |
_a891.464 KONK _223 |
||
| 100 |
_aInstitute of Konkani, St Aloysius College _9123804 _dಕೊಂಕ್ಣಿ ಸಂಸ್ಥೊ, ಸಾಂ ಲುವಿಸ್ ಕೊಲೆಜ್ |
||
| 245 |
_aKonkni dayj _bಕೊಂಕ್ಣಿ ದಾಯ್ಜ್ |
||
| 260 |
_aMangalore _bಸಾಂ ಲುವಿಸ್ ಕೊಲೆಜ್ ಕೊಂಕ್ಣಿ ಸಂಸ್ಥೊ _c1996 |
||
| 300 |
_a142 _bPB |
||
| 365 |
_b25 _cRs |
||
| 650 |
_aKonkani Literature: ಕೊಂಕಣಿ ಸಾಹಿತ್ಯ _9123805 |
||
| 650 |
_aKonkani Prose: ಕೊಂಕಣಿ ಗದ್ಯ್: Konkni Gadhya _9123807 |
||
| 700 |
_aPrashanth Madtha _9123806 |
||
| 906 | _aKonkani Language Konkani Literature Konkani History | ||
| 942 |
_2ddc _cBK |
||
| 999 |
_c213257 _d213257 |
||